书目信息 |
| 题名: |
与狼共舞不受伤
|
|
| 作者: | 郭薇薇 著 | |
| 分册: | ||
| 出版信息: | 北京 中国城市出版社 2000.01 |
|
| 页数: | 284页 | |
| 开本: | 32开 | |
| 丛书名: | ||
| 单 册: | ||
| 中图分类: | C912.1-49 | |
| 科图分类: | ||
| 主题词: | 社会结构 , 社会关系 | |
| 电子资源: | ||
| ISBN: | 7-5074-1194-X | |
| 000 | 00574nam0 2200205 45 | |
| 001 | 0009100828 | |
| 005 | 20000910084859.7 | |
| 010 | @a7-5074-1194-X@d20.00元 | |
| 100 | @a20000910d2000 km y0chiy0120 ea | |
| 101 | 0 | @achi |
| 105 | @a z 000yy | |
| 200 | 1 | @a与狼共舞不受伤@AYu Lang Gong Wu Bu Shou Shang@f郭薇薇著@FGuo Wei Wei Zhu |
| 210 | @a北京@c中国城市出版社@d2000.01 | |
| 215 | @a284页@d32开 | |
| 606 | 0 | @a社会结构 |
| 606 | 0 | @a社会关系 |
| 690 | @aC912.1-49@v3 | |
| 701 | 0 | @a郭薇薇@4著 |
| 801 | @aCN@bPftUser@c20000910 | |
| 905 | @b132690-694@dC912.1-49@eG857@f5 | |
| 与狼共舞不受伤/郭薇薇著.-北京:中国城市出版社,2000.01 |
| 284页;32开 |
| ISBN 7-5074-1194-X:20.00元 |
| ● |
| 相关链接 |
|
|
|
正题名:与狼共舞不受伤
索取号:C912.1-49/G857
 
预约/预借
| 序号 | 登录号 | 条形码 | 馆藏地/架位号 | 状态 | 备注 |
| 1 | 132690 | 201326902 | 社科库509/509社科库 58排2列4层/ [索取号:C912.1-49/G857] | 在馆 | |
| 2 | 132691 | 201326911 | 社科库509/ [索取号:C912.1-49/G857] | 在馆 | |
| 3 | 132692 | 201326920 | 社科库509/ [索取号:C912.1-49/G857] | 在馆 | |
| 4 | 132693 | 201326939 | 社科库509/509社科库 58排2列4层/ [索取号:C912.1-49/G857] | 在馆 | |
| 5 | 132694 | 201326948 | 社科库509/509社科库 58排2列4层/ [索取号:C912.1-49/G857] | 在馆 |